| 000 | 00555nam a2200193 a 4500 | ||
|---|---|---|---|
| 005 | 20240925064825.0 | ||
| 008 | 991125s1965 mx 000 0 spa u | ||
| 035 | _aUPN01000000093 | ||
| 049 | _aCG | ||
| 050 | 4 |
_aJL1241 _bC6.8 1965 |
|
| 100 | 1 | _aCovarrubias, Ricardo | |
| 245 | 1 | 0 |
_a67 Gobernantes del México independiente / _cRicardo Covarrubias. |
| 250 | _a2a ed. | ||
| 260 |
_aMéxico : _bCámara de Diputados, _c1965. |
||
| 300 |
_a3, 146 p. : _bretrs. |
||
| 610 | 1 | 4 |
_aMEXICO. _bPODER EJECUTIVO |
| 650 | 4 |
_aPresidentes _zMéxico _921225 |
|
| 905 | _aLibro | ||
| 999 |
_c93 _d93 |
||